000 00597nam a2200181Ia 4500
008 100920s9999 xx 000 0 und d
082 _b101688
_a891.43 न 06
100 _aखाल्टा महाविर.
245 _aअपना अपना आकाश.
260 _bपराग प्रकाशन, नई दिल्ली.
_c2006
300 _a104
_bसाधी
365 _b150
520 _aहिंदी.
630 _aअपना अपना आकाश.
650 _aहिंदी.
730 _aअपना अपना आकाश.
942 _cBOOK
999 _c742121
_d742118